El Monestir benedictí de Sant Pau del Camp de Barcelona a través de la documentació de cancelleria real de l'Arxiu de la Corona d'Aragó (1287 - 1510) / per Josefina Mutgé i Vives

per Mutgé Vives, Josefa

ISBN: 978-84-9779-718-4
Publicat: Barcelona : Fundació Noguera , 2008
Descripció física: 324 p. ; 24 cm
Altres autors: Fundació Noguera

MARC

LEADER 00000nam a2200000Ia 4500
001 21979
008 160829s2008 xx 000 0 cat d
020 |a 978-84-9779-718-4 
080 |a A-2-374 
100 |a Mutgé Vives, Josefa  |9 39400 
245 |a El Monestir benedictí de Sant Pau del Camp de Barcelona a través de la documentació de cancelleria real de l'Arxiu de la Corona d'Aragó (1287 - 1510) / per Josefina Mutgé i Vives 
260 |a Barcelona :  |b Fundació Noguera,  |c 2008 
300 |a 324 p. ;  |c 24 cm 
490 |a Textos i documents ; 42 
590 |a Bibliografia.  
590 |a Text en català i llatí 
610 2 0 |a Arxiu de la Corona d'Aragó  |x Fons documentals  |9 55372 
650 |a Monestir de Sant Pau del Camp (Barcelona)   |9 29747 
650 |a Monestirs benedictins  |x Barcelona  |x Història  |9 39402 
700 |a Fundació Noguera   |9 70407 
901 |a Arxiu 
942 |n 1 
952 |0 0  |1 0  |4 0  |6 A2374  |7 1  |9 48994  |a Arxiu  |b Arxiu  |d 2016-12-01  |l 0  |o A-2-374  |p 21979  |r 2016-12-01 00:00:00  |w 2016-12-01  |y ARXIU 
999 |c 52829  |d 52829